Razonando la palabra (Registro nro. 60522)
[ vista simple ]
| 000 -LEADER | |
|---|---|
| campo de control de longitud fija | 00683nam a2200253 i 4500 |
| 007 - CAMPO FIJO DE DESCCAMPO FIJO DE DESCRIPCIÓN FÍSICA--INFORMACIÓN GENERALRIPCION FISICA | |
| campo de control de longitud fija | ta |
| 020 ## - NÚMERO INTERNACIONAL ESTÁNDAR DEL LIBRO | |
| Número Internacional Estándar del Libro | 9789945656800 |
| 040 ## - FUENTE DE LA CATALOGACIÓN | |
| Centro catalogador/agencia de origen | DO-SdBNP |
| Lengua de catalogación | spa |
| Centro/agencia transcriptor | BNPHU |
| 041 ## - | |
| -- | spa |
| 082 #4 - | |
| -- | 000 |
| -- | C747r |
| -- | 22 |
| 100 1# - ENTRADA PRINCIPAL--NOMBRE DE PERSONA | |
| Nombre de persona | Cuevas, Julio |
| -- | autor |
| -- | 78189 |
| 245 10 - MENCIÓN DEL TÍTULO | |
| Título | Razonando la palabra |
| 264 #1 - PRODUCCIÓN, PUBLICACIÓN, DISTRIBUCIÓN, FABRICACIÓN Y COPYRIGHT | |
| Producción, publicación | Santo Domingo : |
| Nombre del de productor, editor, distribuidor, fabricante | Editorial Santuario ; |
| Fecha de producción, publicación, distribución, fabricación o copyright | 2025. |
| 300 ## - DESCRIPCIÓN - FÍSICA | |
| Extensión Pestaña: | 347 páginas |
| -- | 6x9cm. |
| 336 ## - TIPO DE CONTENIDO | |
| Término de tipo de contenido | texto |
| Código de tipo de contenido | txt |
| Fuente | rdacontent |
| 337 ## - TIPO DE MEDIO | |
| Nombre/término del tipo de medio | sin mediación |
| Código del tipo de medio | n |
| Fuente | rdamedia |
| 338 ## - TIPO DE SOPORTE | |
| Nombre/término del tipo de soporte | volumen |
| Código del tipo de soporte | nc |
| Fuente | rdacarrier |
| 650 #4 - | |
| -- | Ensayos dominicanos |
| 942 ## - | |
| -- | ddc |
| -- | LBS1 |
| 999 ## - | |
| -- | 60522 |
| -- | 60522 |
| Estatus retirado | Estado de pérdida | Fuente del sistema de clasificación o colocación | Estado de daño | Restricciones de uso | No para préstamo | Biblioteca de origen | Biblioteca actual | Ubicación en estantería | Fecha de adquisición | Fuente de adquisición | Total de préstamos | Signatura topográfica completa | Código de barras | Visto por última vez | Tipo de ítem Koha | Nota pública | Copia número |
|---|---|---|---|---|---|---|---|---|---|---|---|---|---|---|---|---|---|
| Dewey Decimal Classification | Excluido de préstamo | Biblioteca Nacional Pedro Henríquez Ureña | Biblioteca Nacional Pedro Henríquez Ureña | En catalogación | 07.10.2025 | Depósito Legal | 000 C747r | 2026-2393 | 07.10.2025 | Libro | en proceso de descripción... | ||||||
| Dewey Decimal Classification | Excluido de préstamo | Biblioteca Nacional Pedro Henríquez Ureña | Biblioteca Nacional Pedro Henríquez Ureña | En catalogación | 07.10.2025 | Depósito Legal | 000 C747r | 2026-2394 | 07.10.2025 | Libro | en proceso de descripción... | e.2 | |||||
| Dewey Decimal Classification | Préstamo en sala | Biblioteca Nacional Pedro Henríquez Ureña | Biblioteca Nacional Pedro Henríquez Ureña | En catalogación | 07.10.2025 | Depósito Legal | 000 C747r | 2026-2395 | 07.10.2025 | Libro | en proceso de descripción... | e.3 |
